Direito urbanístico, ambiental e imobiliário : (Registro nro. 173323)
[ vista simple ]
| 000 -LEADER | |
|---|---|
| fixed length control field | 01643nam a22004091i 4500 |
| 001 - CONTROL NUMBER | |
| control field | bslw10107612 |
| 003 - CONTROL NUMBER IDENTIFIER | |
| control field | UtOrBLW |
| 006 - FIXED-LENGTH DATA ELEMENTS--ADDITIONAL MATERIAL CHARACTERISTICS--GENERAL INFORMATION | |
| fixed length control field | m o d |
| 007 - PHYSICAL DESCRIPTION FIXED FIELD--GENERAL INFORMATION | |
| fixed length control field | cr un ---uuuua |
| 008 - FIXED-LENGTH DATA ELEMENTS--GENERAL INFORMATION | |
| fixed length control field | 231130s2022 bl ob 000 0 por d |
| 020 ## - INTERNATIONAL STANDARD BOOK NUMBER | |
| International Standard Book Number | 9786555155488 |
| Qualifying information | (Ebook) |
| 035 ## - | |
| -- | 42584 |
| 040 ## - CATALOGING SOURCE | |
| Original cataloging agency | UtOrBLW |
| Language of cataloging | eng |
| Description conventions | rda |
| Transcribing agency | UtOrBLW |
| 043 ## - | |
| -- | s-bl--- |
| 050 #4 - | |
| -- | KHD3360 |
| -- | .S63 2022 |
| 082 04 - | |
| -- | 346.81045 |
| -- | 23 |
| 100 1# - MAIN ENTRY--PERSONAL NAME | |
| Personal name | Soares, Alessandro, |
| Relator term | author. |
| 245 10 - TITLE STATEMENT | |
| Title | Direito urbanístico, ambiental e imobiliário : |
| Remainder of title | a partir de casos complexos / |
| Statement of responsibility, etc | Alessandro Soares [and 50 others] ; coordenadores, Alexandre Jorge Carneiro da Cunha Filho, Marcelo Manhães de Almeida, Wilson Levy ; apresentação Geraldo Alckmin ; prefácio Daniela Campos Libório. |
| 264 #1 - | |
| -- | Indaiatuba, SP : |
| -- | Editora Foco, |
| -- | 2022. |
| 300 ## - PHYSICAL DESCRIPTION | |
| Extent | 1 online resource (xiv, 426 pages) |
| 336 ## - | |
| -- | text |
| -- | txt |
| -- | rdacontent |
| 337 ## - | |
| -- | computer |
| -- | c |
| -- | rdamedia |
| 338 ## - | |
| -- | online resource |
| -- | cr |
| -- | rdacarrier |
| 504 ## - BIBLIOGRAPHY, ETC. NOTE | |
| Bibliography, etc | Includes bibliographical references. |
| 650 #0 - SUBJECT ADDED ENTRY--TOPICAL TERM | |
| Topical term or geographic name as entry element | City planning and redevelopment law |
| Geographic subdivision | Brazil. |
| 650 #0 - SUBJECT ADDED ENTRY--TOPICAL TERM | |
| Topical term or geographic name as entry element | Environmental law |
| Geographic subdivision | Brazil. |
| 650 #0 - SUBJECT ADDED ENTRY--TOPICAL TERM | |
| Topical term or geographic name as entry element | Real property |
| Geographic subdivision | Brazil. |
| 700 1# - ADDED ENTRY--PERSONAL NAME | |
| Personal name | Cunha Filho, Alexandre Jorge Carneiro da, |
| Relator term | author, |
| -- | editor. |
| 700 1# - ADDED ENTRY--PERSONAL NAME | |
| Personal name | Almeida, Marcelo Manhães de, |
| Relator term | author, |
| -- | editor. |
| 700 1# - ADDED ENTRY--PERSONAL NAME | |
| Personal name | Levy, Wilson, |
| Relator term | editor. |
| 700 1# - ADDED ENTRY--PERSONAL NAME | |
| Personal name | Di Sarno, Daniela Libório, |
| Relator term | author, |
| -- | writer of foreword. |
| 856 40 - LOCALIZACIÓN Y ACCESO ELECTRÓNICO | |
| Identificador Uniforme del Recurso (URI/URL) | https://app.vlex.com/#/sources/42584 |
| 912 ## - | |
| -- | 1993 |
| -- | 11/30/2023 |
| -- | 10107612 |
| -- | cha |
| -- | OE |
| -- | 000000-1 |
| -- | 1993 |
| -- | 11/30/2023 |
| 911 ## - | |
| -- | Vlex |
| -- | Original |
| 942 ## - | |
| -- | RAA |
| 999 ## - | |
| -- | 173323 |
| -- | 173323 |
No hay ítems disponibles.